000 01072nam a22003377a 4500
001 8231
003 FISKH
005 20250904103609.0
008 250904b cb ||||| |||| 00| 0 eng d
020 _a9780395779392
040 _aFISKH
_beng
_cFISKH
_dFISKH
050 _a PZ7.H31115 J
082 _a813.5
100 _aHavill, Juanita
245 _aJamaica and Brianna /
_cBy Juanita Havill : Illustrated by Anne Sibley O'Brien
260 _aBoston :
_bHoughton Mifflin Company ,
_c1993.
300 _a32 unnumbered pages :
_bcolor illustrations ;
_c20 x 22 cm .
490 _aJamaica
505 _aJ
520 _aJamaica hates wearing hand-me-down boots when her friend Brianna has pink fuzzy ones.
521 8 _a500
_bLexile estimate
521 8 _aJ
_bRaz-Plus
650 _aJealousy
_vFiction
650 _aBoots
_vFiction
650 _aFriendship
_vFiction
650 _aAfro-Americans
_vFiction
650 _aAsian-Americans
_vFiction
700 _aBrien, Anne Sibley O'
_eIllustrator
942 _2ddc
_cBK
_n0
999 _c8231
_d8231